| 000 | nam a22 a 4500 | ||
|---|---|---|---|
| 999 |
_c422826 _d422826 |
||
| 003 | BLK | ||
| 005 | 20210702210523.0 | ||
| 008 | 210702b bu |||||||||| 00| | bu d | ||
| 040 | _aBLK | ||
| 041 |
_aFRE _cFRE |
||
| 080 |
_aФренска литература _b821.133.1 _x-2 _z821.133.1-2 |
||
| 100 |
_91299 _aVoltaire _eпърви автор |
||
| 139 |
_aVoltaire _bV 88 |
||
| 245 |
_aThéâtre De Voltaire _bContenant Tous Ses Chefs-D'oeuvre Dramatiques _cVoltaire |
||
| 257 | _aFRA | ||
| 260 |
_9211270 _aParis _bLibr. Garnier freres _c1874 |
||
| 300 |
_a720 p. _c18 cm |
||
| 380 | _aX | ||
| 490 |
_9435080 _aКолекция Редки и ценни издания |
||
| 852 |
_aРф 874 _bРц |
||
| 942 |
_cKNG _n0 _s1 |
||
| 944 |
_aCR _c2021-07-02 _kВП |
||